Państwa mające 2 lub więcej wyrazów - Statystyki

Ogólne statystyki
  • Ten quiz został rozwiązany 99 razy
  • Średni wynik to 13 z 36
Statystyki odpowiedzi
Państwa % Poprawnych
Stany Zjednoczone
73%
Korea Północna
68%
Korea Południowa
68%
Arabia Saudyjska
64%
Nowa Zelandia
63%
Zjednoczone Emiraty Arabskie
57%
Bośnia i Hercegowina
53%
Sudan Południowy
53%
Papua Nowa Gwinea
52%
Antigua i Barbuda
50%
Gwinea Bissau
49%
Saint Lucia
49%
Saint Kitts i Nevis
48%
Wyspy Świętego Tomasza i Książęca
48%
Wyspy Marshalla
47%
Wyspy Salomona
47%
Wybrzeże Kości Słoniowej
46%
Republika Środkowo Afrykańska
44%
Timor Wschodni
43%
Trynidad i Tobago
43%
San Marino
42%
Burkina Faso
38%
Sierra Leone
33%
Wyspy Zielonego Przylądka
32%
Sri Lanka
29%
Gujana Francuska
17%
Republika Południowo Afrykańska
12%
Chińska Republika Ludowa
11%
Sahara Zachodnia
8%
Polinezja Francuska
7%
Wyspy Cook'a
6%
Cypr Północny
3%
Wyspy Wielkanocne
3%
Republika Demokratyczna Konga
0%
Saint Vincent i Grenadines
0%
Samoa Amerykańska
0%
Nie znaleziono quizów pasujących do podanych kryteriów
Rozkład punktacji
Procent ludzi z każdym wynikiem
Percentyl według liczby udzielonych odpowiedzi
Twoja historia wyników
Nie rozwiązałeś tego quizu